| 000 | 00000nam##2200000za#4500 |
| 001 | 9.630746 |
| 003 | CaOODSP |
| 005 | 20210624214005 |
| 007 | cr ||||||||||| |
| 008 | 150407|2001||||xxc|||||o f|0| 0 fre|d |
| 020 | |a0-662-86586-3 |
| 040 | |aCaOODSP|bfre |
| 043 | |an-cn--- |
| 086 | 1 |aE2-439/2001F-IN |
| 110 | 1 |aCanada.|bAffaires étrangères et Commerce international. |bCentre canadien pour le développement de la politique étrangère. |
| 245 | 10|aRapport final - Table ronde [sur le] périmètre de sécurité et «Homeland Defense» : |h[ressource électronique]|bquelles sont les conséquences pour le Canada? (25 mai 2001) / |c[par] Stéphane Roussel. |
| 260 | |aOttawa - Ontario : |bAffaires étrangères et Commerce international. |c[2001]. |
| 300 | |a25p. |
| 590 | |a10-06-Supp|b2010-07-26 |
| 691 | 07|aPolitique de défense|2gcpds |
| 691 | 07|aSécurité nationale|2gcpds |
| 720 | 1 |aRoussel, Stéphane |
| 776 | 0#|tRapport final: Table ronde [sur le] périmètre de sécurité et «Homeland Defense» : |w(CaOODSP)9.681712 |
| 856 | 40|ahttp://publications.gc.ca|qPDF|s899 Ko|uhttps://publications.gc.ca/collections/Collection/E2-439-2001F.pdf |
| 986 | |a8012.9F |